000 01095nam a22002417a 4500
003 AR-RoUNCS
005 20250924145226.0
008 250924t2023 ag |||||r|||| 00| fdspa d
020 _a978-987-4996-90-9
040 _cAR-RoUNCS
080 _082-312.6(729)
100 1 _a Glésile, Robenson,
_d1985-
_eautor
245 1 0 _aPapiyon NWA :
_brelatos y experiencias de un haitiano /
_cRobenson Glésile.
246 3 _aMariposa negra
250 _a1a ed.
260 _aCórdoba :
_bQuo Vadis Ediciones,
_c2023.
300 _a132 p. ;
_c21 cm.
500 _aRobenson Glésile nació en Haití, en 1985. Es activista antirracista y Defensor de los DDHH; Miembro del grupo de estudios sobre Migraciones (UNR); cofundador de la Fundación Jèn Mapou Haití y analista de temas relacionados con su país. En 2011 migró a Rosario, Argentina, donde reside desde entonces. Este es su primer libro de relatos, que fue declarado de "Interés Municipal" por el Consejo de Rosario en el año 2023.
650 4 _aLITERATURA HAITIANA
655 4 _aNOVELA
655 4 _aAUTOBIOGRAFÍA
942 _2udc
_cLPD
_n0
999 _c606
_d606